| 000 | 00662nam a2200241Ia 4500 | ||
|---|---|---|---|
| 003 | OSt | ||
| 005 | 20230503103840.0 | ||
| 008 | 210423s2007 xx 000 0 und d | ||
| 020 | _a978-0-19-568532-9 | ||
| 040 | _cAL | ||
| 041 | _aeng | ||
| 082 |
_a574.88 _223 _bBROE |
||
| 100 |
_aBROWN (T A) _996607 |
||
| 245 | _aEssential molecular biology: a practical approach Vol 1 Ed 2 | ||
| 250 | _a2 | ||
| 260 |
_aNew Delhi _bOxford University Press _c2007 |
||
| 300 |
_axx,240 _bPB |
||
| 365 |
_b595 _cINR |
||
| 440 | _v1 | ||
| 650 |
_aMolecular Biology _996608 |
||
| 906 | _aapproach ; biology: ; Essential ; molecular ; practical ; Vol | ||
| 942 |
_2ddc _cBK |
||
| 999 |
_c170728 _d170728 |
||